| 000 | 00339nam a2200121 a 4500 | ||
|---|---|---|---|
| 005 | 20140414131920.0 | ||
| 008 | 101022s19uu xx 00 eng d | ||
| 050 |
_aER _bB23 2003 |
||
| 100 | _aBerk, Sheryl | ||
| 245 |
_aThe new babysitter : _ba little help with a new friend. |
||
| 260 |
_aNew York : _bScholastic , _c2003. |
||
| 999 |
_c111720 _d111720 |
||